000 02982cim a2200721 a 4500
999 _c58620
001 10590830
003 LIBRIS
005 20210922132933.0
007 sd |||||||||||
008 071101s2008 sw nnn||||||||| n swe|
020 _a9789150108811
028 0 1 _aNummer saknas :
_bAlfabeta audio
035 _aAVM002315796
035 _a(Bo)413815
035 _a(Mo)b1684826
035 _aAVM002315796
040 _aS
_ea
041 _aswe
082 0 4 _a839.78
_222 (machine generated)
084 _aHcee.01
_2kssb/8
084 _aHcee.01/LC
_2kssb/8
100 1 _aMcDermid, Val
_4aut
245 1 0 _aMed gift i blodet
_h[Ljudupptagning] /
_cVal McDermid.
264 1 _aStockholm :
_bAlfabeta bokförlag,
_ccop. 2008
300 _a13 CD (16 tim., 39 min.)
_bstereo
500 _aFörsta svenska upplaga för boken 2008
500 _5Mo
_aInläsare: Anna Godenius
500 _5Mo
_asvenska
541 _5S
653 _aSkönlitteratur
653 _aSpänning
655 7 _aLjudböcker
_0https://id.kb.se/term/saogf/Ljudb%C3%B6cker
_2saogf
655 4 _5Mo
_aLjudbok cd
700 1 _aLindgren, Nille,
_d1946-
_4trl
_0https://libris.kb.se/wt7bh24f4bg24nz#it
700 1 _aGodenius, Anna
_4nrt
856 4 2 _uhttp://smdb.kb.se/resource/id/002315796
_zSvensk mediedatabas
887 _a{"@id":"btmmdw7n5g3dvxv","modified":"2016-04-04T16:01:16+02:00","checksum":"87691272320"}
_2librisxl
887 _a{"@id":"z3b7z0h44m6tg8j","modified":"2016-01-25T11:32:18+01:00","checksum":"53499699929"}
_2librisxl
887 _a{"@id":"8dl7p2ff5k6qzf1","modified":"2014-04-01T13:42:48+02:00","checksum":"41302903963"}
_2librisxl
887 _a{"@id":"jnvt0cwp4bb7cm3","modified":"2009-04-01T16:15:00+02:00","checksum":"49789561858"}
_2librisxl
887 _a{"@id":"glss6d5m19bf270","modified":"2018-05-21T11:01:01+02:00","checksum":"41225081584"}
_2librisxl
887 _a{"@id":"59jdrd7b45jvxzl","modified":"2015-11-18T18:19:08+01:00","checksum":"47452572707"}
_2librisxl
887 _a{"@id":"chpw0bnj47lgrtd","modified":"2011-12-12T14:13:04+01:00","checksum":"42610872881"}
_2librisxl
942 _2z
_cAUDIOBOOK